| 000 | 00696nam a2200217Ia 4500 | ||
|---|---|---|---|
| 001 | cde10-44390 | ||
| 003 | IT-MiCISF | ||
| 008 | 161014s9999||||xx |||||||||||||| ||und|| | ||
| 040 |
_aIT-MiCISF _cIT-MiCISF |
||
| 041 | _ait | ||
| 100 | _aColley Helen | ||
| 245 | 0 | _aSocial Inclusion for Young People: Breaking Down the Barriers | |
| 250 | _a1a ed. | ||
| 260 |
_bCouncil of Europe Publishing _c2007 |
||
| 300 | _app. 3-209 | ||
| 500 | _aBoetzelen P., Hoskins B., Parueva T. / giovani, politiche-sociali, disoccupazione, educazione, integrazione, handicap, comportamento-sessuale / documento | ||
| 650 | _aetà -evolutiva | ||
| 700 | _aAA.VV. | ||
| 942 | _cBK | ||
| 957 | _71 | ||
| 999 |
_a44390 _bsi _g1 _c209409 _d209409 |
||